000 00784nam a2200181 a 4500
008 120416s1976 ||||||||||||||||| || u
020 _a0030892104
050 _aHF 5415.2 Chu
100 _aChurchill, Gilbert A
245 1 0 _aMarketing research: methodological foundations
260 _aHinsdale, Ill.:
_bDryden Press
_c1976
300 _axix, 683p. : ill.
350 _a0.00
650 0 _aMARKETING--MANAGEMENT--CASE STUDIES
650 0 _aMARKETING RESEARCH
995 _aBINDERY (DAMAGED)
_D0.00
_e701686
_FCBU-MAIN LIBRARY (Kitwe)
_H1
_I18.95
_jHF 5415.2 Chu
_M1
_UDAMAGED
_y005671
_ZMain Library Open Access Collection
995 _aBINDERY (DAMAGED)
_D0.00
_e707647
_FCBU-MAIN LIBRARY (Kitwe)
_H1
_I0.00
_jHF 5415.2 Chu
_M1
_UDAMAGED
_WJun 11, 2009
_y707647
_ZMain Library Open Access Collection
999 _c82681
_d82681